000
003210000a22001330004500
003
MACL
040
_a
MACL
090
_c
3844
_d
3843
100
_a
Kumar, Narinder
245
_a
Library Legislation In Haryana
260
_b
Haryana Library Association
_c
1991
650
_a
Library And Information Science
942
_c
BOOK
_k
020
999
_c
3811
_d
3811